<?xml version="1.0" encoding="UTF-8"?>
<collection xmlns="http://www.loc.gov/MARC21/slim">
 <record>
  <leader>01346nab a2200229 i 4500</leader>
  <controlfield tag="001">acta78311</controlfield>
  <controlfield tag="005">20230313150740.0</controlfield>
  <controlfield tag="008">230313s2021    hu      o     0||   hun d</controlfield>
  <datafield tag="022" ind1=" " ind2=" ">
   <subfield code="a">2416-223X</subfield>
  </datafield>
  <datafield tag="040" ind1=" " ind2=" ">
   <subfield code="a">SZTE Egyetemi Kiadványok Repozitórium</subfield>
   <subfield code="b">hun</subfield>
  </datafield>
  <datafield tag="041" ind1=" " ind2=" ">
   <subfield code="a">hun</subfield>
  </datafield>
  <datafield tag="041" ind1=" " ind2=" ">
   <subfield code="a">eng</subfield>
  </datafield>
  <datafield tag="100" ind1="1" ind2=" ">
   <subfield code="a">Forró Lajos</subfield>
  </datafield>
  <datafield tag="245" ind1="1" ind2="0">
   <subfield code="a">Levél a halálsorról - egy zentai polgár, Baráti István tragédiája 1944-ben</subfield>
   <subfield code="h">[elektronikus dokumentum] /</subfield>
   <subfield code="c"> Forró Lajos</subfield>
  </datafield>
  <datafield tag="260" ind1=" " ind2=" ">
   <subfield code="c">2021</subfield>
  </datafield>
  <datafield tag="300" ind1=" " ind2=" ">
   <subfield code="a">37-48</subfield>
  </datafield>
  <datafield tag="490" ind1="0" ind2=" ">
   <subfield code="a">Délvidéki szemle</subfield>
   <subfield code="v">8 No. 1-2</subfield>
  </datafield>
  <datafield tag="520" ind1="3" ind2=" ">
   <subfield code="a">The change of empire in the southern region in 1944 – in addition to many settlements – also seriously affected Zenta. The Yugoslav partisans, who arrived after the Red Army, took over the city, and then began to curtail the rights of the local Hungarians, as well as retaliatory measures against the minorities. The climax of this was a mass murder in Zenta, on the night of November 9, 1944, which was carried out by the Department of People’s Defense (OZNA) with the assistance of local civilians. 65 people fell victim to the massacre.</subfield>
  </datafield>
  <datafield tag="650" ind1=" " ind2="4">
   <subfield code="a">Bölcsészettudományok</subfield>
  </datafield>
  <datafield tag="650" ind1=" " ind2="4">
   <subfield code="a">Történettudomány és régészet</subfield>
  </datafield>
  <datafield tag="695" ind1=" " ind2=" ">
   <subfield code="a">Baráti István, Zenta története - 1944</subfield>
  </datafield>
  <datafield tag="856" ind1="4" ind2="0">
   <subfield code="u">http://acta.bibl.u-szeged.hu/78311/1/delvideki_szemle_2021_001-002_037-048.pdf</subfield>
   <subfield code="z">Dokumentum-elérés </subfield>
  </datafield>
 </record>
</collection>
